[Event "Ct. Girona indiv. Absolut"]
[Site "Girona"]
[Date "2013.10.13"]
[Round "3"]
[White "Kucherenko, S."]
[Black "Gonzalez Escudero, J."]
[Result "0-1"]
[WhiteElo "1919"]
[BlackElo "1780"]
[PlyCount "90"]
[EventDate "2013.??.??"]
[EventType "swiss"]
[EventRounds "9"]

1. e4 e6 2. d4 d5 3. Nd2 Nf6 4. e5 Nfd7 5. c3 c5 6. Bd3 Nc6 7. Ne2 cxd4 8. cxd4
f6 9. f4 Qb6 10. Nf3 Be7 11. O-O Nf8 12. Kh1 Bd7 13. Bd2 Ng6 14. Rc1 O-O 15.
exf6 Bxf6 16. Bxg6 hxg6 17. Bc3 Rac8 18. Qd3 Nb4 19. Qb1 Qb5 20. Bxb4 Qxb4 21.
Ne5 Bxe5 22. fxe5 Rxf1+ 23. Rxf1 Qd2 24. Nc3 Qxd4 25. Qxg6 Rf8 26. Rxf8+ Kxf8
27. Qg5 Bc6 28. h4 Qf2 29. Kh2 Qxb2 30. Qd8+ Kf7 31. Qc7+ Kg6 32. h5+ Kh7 33.
Qf7 Qxc3 34. Qg6+ Kh8 35. Qxe6 Qc2 36. h6 Qh7 37. Qc8+ Qg8 38. hxg7+ Kxg7 39.
Qg4+ Kf8 40. Qc8+ Kf7 41. Qf5+ Ke7 42. Qf6+ Kd7 43. Qd6+ Kc8 44. e6 d4 45. e7
Qxg2# 0-1

[Event "Ct. Girona indiv. Absolut"]
[Site "Girona"]
[Date "2013.10.13"]
[Round "3"]
[White "Pinsach Gelabert, A."]
[Black "Alsina Franco, S."]
[Result "1-0"]
[WhiteElo "2102"]
[BlackElo "1935"]
[PlyCount "61"]
[EventDate "2013.??.??"]
[EventType "swiss"]
[EventRounds "9"]

1. e4 e5 2. Nf3 Nc6 3. Bb5 a6 4. Ba4 d6 5. O-O Bd7 6. c3 g6 7. d4 Bg7 8. dxe5
Nxe5 9. Nxe5 Bxe5 10. Bb3 Ne7 11. Bh6 Ng8 12. Be3 Qe7 13. Nd2 Bg7 14. Bd4 Nf6
15. e5 dxe5 16. Bxe5 O-O-O 17. Re1 Be6 18. Bxe6+ fxe6 19. Qe2 Nh5 20. Nf3 Rhe8
21. Qc4 Bxe5 22. Rxe5 Rd6 23. Nd4 Nf6 24. Rae1 Kd7 25. Nxe6 Rxe6 26. Rxe6 Qxe6
27. Rxe6 Rxe6 28. f3 Rd6 29. Qf7+ Kc6 30. g4 h5 31. Qxg6 1-0

[Event "Ct. Girona indiv. Absolut"]
[Site "Girona"]
[Date "2013.10.13"]
[Round "3"]
[White "Robert Sancho, A."]
[Black "Muratet Casadevall, E."]
[Result "0-1"]
[WhiteElo "1630"]
[BlackElo "1881"]
[PlyCount "86"]
[EventDate "2013.??.??"]
[EventType "swiss"]
[EventRounds "9"]

1. e4 d6 2. h3 Nf6 3. Nc3 c5 4. Nf3 g6 5. a3 Bg7 6. Bc4 O-O 7. d3 a6 8. O-O b5
9. Ba2 Bb7 10. Rb1 Bc6 11. Be3 a5 12. Ne2 Qc8 13. Ng3 Na6 14. c3 Bb7 15. Qd2 b4
16. Bh6 Rb8 17. Bxg7 Kxg7 18. Nh2 Bc6 19. f3 b3 20. Bxb3 Rxb3 21. Ng4 Nxg4 22.
fxg4 f6 23. Rf2 Rb7 24. Rbf1 Bd7 25. Kh2 Nc7 26. g5 Qe8 27. h4 Ne6 28. Qe2 Rb8
29. Qg4 Nxg5 30. Nf5+ gxf5 31. exf5 h6 32. hxg5 hxg5 33. Re1 Rh8+ 34. Kg1 Qf7
35. Rfe2 Rbe8 36. Re3 Rh4 37. Qe2 Bxf5 38. c4 e6 39. Qd2 Qh5 40. Qxa5 Rh1+ 41.
Kf2 Qh4+ 42. g3 Qh2+ 43. Kf3 g4+ 0-1

[Event "Ct. Girona indiv. Absolut"]
[Site "Girona"]
[Date "2013.10.13"]
[Round "3"]
[White "Salagran Ferragut, G."]
[Black "Lillo Castany, V."]
[Result "1/2-1/2"]
[WhiteElo "1995"]
[BlackElo "2324"]
[PlyCount "78"]
[EventDate "2013.??.??"]
[EventType "swiss"]
[EventRounds "9"]

1. e4 c5 2. Nf3 Nc6 3. d4 cxd4 4. Nxd4 Nf6 5. Nc3 d6 6. Bg5 e6 7. Be2 Be7 8.
O-O O-O 9. Kh1 a6 10. a4 Qc7 11. Be3 Bd7 12. Nb3 Rac8 13. f4 Na5 14. Nxa5 Qxa5
15. e5 dxe5 16. fxe5 Qxe5 17. Bd4 Qc7 18. a5 Bc6 19. Bd3 e5 20. Bb6 Qb8 21. Qe2
Rce8 22. Rae1 e4 23. Nxe4 Nxe4 24. Bxe4 Bb4 25. Qd3 Bxe1 26. Bxh7+ Kh8 27. Qh3
Bd2 28. Bd4 Re5 29. Rf6 Bxg2+ 30. Kxg2 Re2+ 31. Bf2 Bh6 32. Bd3 Rxf2+ 33. Kxf2
Kg8 34. Rf3 Qe5 35. Kg2 Qxb2 36. Qf5 g6 37. Qd5 Qc1 38. Bxg6 Qd2+ 39. Qxd2 Bxd2
1/2-1/2

[Event "Ct. Girona indiv. Absolut"]
[Site "Girona"]
[Date "2013.10.13"]
[Round "3"]
[White "Saurina Suner, FX."]
[Black "Palmero Castillo, M."]
[Result "1/2-1/2"]
[WhiteElo "1871"]
[BlackElo "1626"]
[PlyCount "62"]
[EventDate "2013.??.??"]
[EventType "swiss"]
[EventRounds "9"]

1. e4 c5 2. Nf3 a6 3. c4 Nc6 4. d4 cxd4 5. Nxd4 d6 6. Be2 Nf6 7. Nc3 g6 8. Be3
Bg7 9. O-O O-O 10. Kh1 Qc7 11. Rc1 Bd7 12. f3 Rac8 13. Nd5 Qd8 14. Nxc6 Rxc6
15. Qb3 Nxd5 16. cxd5 Rxc1 17. Rxc1 Qb8 18. Qb4 Rc8 19. Qd2 Rc7 20. Bb6 Rxc1+
21. Qxc1 Qc8 22. Qxc8+ Bxc8 23. b3 Kf8 24. Kg1 Ke8 25. Kf2 Kd7 26. Ke3 Ke8 27.
a4 Bd7 28. Bd3 Be5 29. f4 Bb2 30. Kf3 Kf8 31. g4 Kg7 1/2-1/2

[Event "Ct. Girona indiv. Absolut"]
[Site "Girona"]
[Date "2013.10.13"]
[Round "3"]
[White "Serra Canals, O."]
[Black "Mestres Ramon, P."]
[Result "1-0"]
[WhiteElo "1877"]
[BlackElo "1684"]
[PlyCount "77"]
[EventDate "2013.??.??"]
[EventType "swiss"]
[EventRounds "9"]

1. d4 d5 2. c4 e6 3. Nf3 Nf6 4. Nc3 Nbd7 5. Qc2 c6 6. e3 Bd6 7. b3 Qe7 8. Be2
O-O 9. O-O e5 10. dxe5 Nxe5 11. cxd5 cxd5 12. Nb5 Nxf3+ 13. Bxf3 Be5 14. Ba3
Qd7 15. Bxf8 Qxb5 16. Bc5 Bxa1 17. Rxa1 Be6 18. Bd4 Ne8 19. Be2 Qd7 20. Bd3 h6
21. Qb2 a6 22. b4 b5 23. a4 bxa4 24. Bc2 f6 25. Bxa4 Qb7 26. h3 Nd6 27. Qc2 Nc4
28. Qd3 f5 29. g4 g6 30. Kh1 Qxb4 31. Bc6 Rc8 32. gxf5 Bxf5 33. Bxd5+ Kh7 34.
Rxa6 Qe1+ 35. Kg2 h5 36. Ra7+ Kh6 37. Bg7+ Kg5 38. f4+ Kh4 39. Bf6+ 1-0

[Event "Ct. Girona indiv. Absolut"]
[Site "Girona"]
[Date "2013.10.13"]
[Round "3"]
[White "Triadu Cassa, J."]
[Black "Caballero Maytin, J."]
[Result "0-1"]
[WhiteElo "2173"]
[BlackElo "1962"]
[PlyCount "78"]
[EventDate "2013.??.??"]
[EventType "swiss"]
[EventRounds "9"]

1. e4 c5 2. Nf3 g6 3. d4 cxd4 4. Nxd4 Bg7 5. c4 Nc6 6. Be3 Nf6 7. Nc3 O-O 8.
Be2 d6 9. Qd2 Ng4 10. Bxg4 Bxg4 11. O-O Ne5 12. b3 Bd7 13. h3 Qa5 14. a3 Rfe8
15. f4 Nc6 16. b4 Qd8 17. Rac1 Rc8 18. Nb3 b6 19. Rfd1 Be6 20. Nd5 Bxd5 21.
exd5 Nb8 22. Nd4 Qd7 23. Rf1 e5 24. dxe6 fxe6 25. Rfd1 Rcd8 26. Qb2 Qe7 27. Qb3
Kh8 28. Nf3 Nc6 29. Ng5 h6 30. Nf3 e5 31. Rd5 Qf6 32. fxe5 dxe5 33. Rf1 Qe6 34.
Rfd1 Nd4 35. Nxd4 exd4 36. Bxd4 Bxd4+ 37. R5xd4 Rxd4 38. Qc3 Qe3+ 39. Qxe3
Rxd1+ 0-1

[Event "Ct. Girona indiv. Absolut"]
[Site "Girona"]
[Date "2013.10.20"]
[Round "4"]
[White "Alejo Alvarez, R."]
[Black "Pinsach Gelabert, A."]
[Result "0-1"]
[WhiteElo "2005"]
[BlackElo "2102"]
[PlyCount "48"]
[EventDate "2013.??.??"]
[EventType "swiss"]
[EventRounds "9"]

1. e4 e5 2. Nf3 Nc6 3. Bb5 a6 4. Ba4 Nf6 5. O-O b5 6. Bb3 Bb7 7. c3 Nxe4 8. Re1
Nc5 9. Nxe5 Nxe5 10. Rxe5+ Ne6 11. Qg4 Bd6 12. Re1 Qf6 13. d4 O-O-O 14. Bxe6
fxe6 15. Qg5 Qf7 16. Be3 h6 17. Qh4 h5 18. Qh3 Rdf8 19. Nd2 g5 20. Re2 g4 21.
Qh4 Rhg8 22. Bh6 Re8 23. Ne4 Bxe4 24. Rxe4 Qg6 0-1

[Event "Ct. Girona indiv. Absolut"]
[Site "Girona"]
[Date "2013.10.20"]
[Round "4"]
[White "Alsina Franco, S."]
[Black "Vidal Palou, J."]
[Result "1-0"]
[WhiteElo "1935"]
[BlackElo "1699"]
[PlyCount "57"]
[EventDate "2013.??.??"]
[EventType "swiss"]
[EventRounds "9"]

1. e4 d6 2. d4 g6 3. Nc3 Nf6 4. Nf3 Bg7 5. Bc4 O-O 6. Bg5 Nfd7 7. Nd5 Re8 8.
Qd2 c6 9. Nf4 b5 10. Bb3 h6 11. Nxg6 hxg5 12. Nxg5 e6 13. Qf4 Nf6 14. Nh4 Qe7
15. Nhf3 Nh7 16. h4 Qf8 17. e5 d5 18. c3 f5 19. Nxh7 Kxh7 20. g4 fxg4 21. Bc2+
Kg8 22. Qxg4 Kf7 23. Rg1 Bh6 24. Bg6+ Ke7 25. Bxe8 Qxe8 26. Qg6 Qf8 27. Qh7+
Qf7 28. Qxh6 Qxf3 29. Rg7+ 1-0

[Event "Ct. Girona indiv. Absolut"]
[Site "Girona"]
[Date "2013.10.20"]
[Round "4"]
[White "Aymerich Verdaguer, E."]
[Black "Salagran Ferragut, G."]
[Result "1-0"]
[WhiteElo "1980"]
[BlackElo "1995"]
[PlyCount "99"]
[EventDate "2013.??.??"]
[EventType "swiss"]
[EventRounds "9"]

1. d4 Nf6 2. c4 e6 3. Nf3 b6 4. g3 Ba6 5. b3 Bb4+ 6. Bd2 Be7 7. Bg2 c6 8. O-O
O-O 9. Qc2 d5 10. e3 Nbd7 11. Rd1 Rc8 12. Bf1 Bb7 13. cxd5 c5 14. Qb2 Bxd5 15.
Bg2 Qc7 16. Nc3 Bc6 17. Rac1 Qb7 18. Ne1 Bxg2 19. Nxg2 e5 20. Ne2 Ne4 21. h4
Bf6 22. dxc5 Nexc5 23. Bb4 e4 24. Qb1 Ne5 25. Bxc5 bxc5 26. Ngf4 Rfe8 27. Qc2
Nf3+ 28. Kf1 Rc6 29. Nc3 Qe7 30. Ncd5 Qe5 31. Nxf6+ Rxf6 32. Qxc5 Qb8 33. Rc4
Qb7 34. Qd5 Qxd5 35. Rxd5 h6 36. a4 g5 37. Nh5 Rb6 38. hxg5 hxg5 39. b4 Rh6 40.
g4 Ree6 41. Rd8+ Kh7 42. Rcc8 Nh2+ 43. Kg2 Nxg4 44. Kg3 Nf6 45. Nxf6+ Rexf6 46.
Rh8+ Kg6 47. Rxh6+ Kxh6 48. b5 Rd6 49. Rc6 Rg6 50. a5 1-0

[Event "Ct. Girona indiv. Absolut"]
[Site "Girona"]
[Date "2013.10.20"]
[Round "4"]
[White "Caballero Maytin, J."]
[Black "Dorca Dilme, R."]
[Result "0-1"]
[WhiteElo "1962"]
[BlackElo "2196"]
[PlyCount "102"]
[EventDate "2013.??.??"]
[EventType "swiss"]
[EventRounds "9"]

1. e4 g6 2. d4 Bg7 3. Nc3 d6 4. Be3 c6 5. Qd2 Nf6 6. Bc4 b5 7. Bd3 Nbd7 8. f3
Nb6 9. b3 O-O 10. Bh6 e5 11. Nge2 Qe7 12. O-O Bd7 13. Bg5 b4 14. Nd1 exd4 15.
Nxd4 Qe5 16. Be3 c5 17. f4 Qe8 18. Nf3 Nxe4 19. Bxe4 Qxe4 20. Nf2 Qe7 21. Rad1
Bb5 22. Nd3 Bc3 23. Qf2 Rfe8 24. Bd2 Bxd3 25. cxd3 Bxd2 26. Nxd2 Qe3 27. Ne4
Qxf2+ 28. Rxf2 Re6 29. f5 gxf5 30. Rxf5 Nd7 31. Rdf1 Rf8 32. R1f3 f6 33. Rd5 f5
34. Rdxf5 Rxf5 35. Rxf5 Ne5 36. Nf2 a5 37. Rg5+ Kf8 38. Rg3 Nd7 39. Kf1 Nf6 40.
Rg5 Kf7 41. Rf5 Kg6 42. Rf4 Nd5 43. Rg4+ Kf7 44. Re4 Nc3 45. Rh4 h6 46. Rf4+
Ke7 47. Rg4 Nxa2 48. Rg7+ Kf6 49. Ra7 Nc1 50. Rxa5 Nxb3 51. Ra8 Nd2+ 0-1

[Event "Ct. Girona indiv. Absolut"]
[Site "Girona"]
[Date "2013.10.20"]
[Round "4"]
[White "De Azua Arpi, R."]
[Black "Trias Punset, C."]
[Result "1-0"]
[WhiteElo "1923"]
[BlackElo "1669"]
[PlyCount "55"]
[EventDate "2013.??.??"]
[EventType "swiss"]
[EventRounds "9"]

1. d4 d5 2. c4 c6 3. Nf3 Nf6 4. Nc3 g6 5. Bf4 Bg7 6. e3 O-O 7. Bd3 Bg4 8. h3
Bxf3 9. Qxf3 e6 10. O-O Nbd7 11. cxd5 Nxd5 12. Bg3 Nxc3 13. bxc3 Re8 14. Rfb1
Nb6 15. a4 Qf6 16. Qxf6 Bxf6 17. a5 Nd5 18. c4 Ne7 19. Rxb7 c5 20. Rd1 cxd4 21.
exd4 Nc6 22. d5 exd5 23. cxd5 Ne5 24. Bb5 Red8 25. f4 Rab8 26. Rxb8 Rxb8 27.
fxe5 Rxb5 28. exf6 1-0

[Event "Ct. Girona indiv. Absolut"]
[Site "Girona"]
[Date "2013.10.20"]
[Round "4"]
[White "Gonzalez Escudero, J."]
[Black "Triadu Cassa, J."]
[Result "0-1"]
[WhiteElo "1780"]
[BlackElo "2173"]
[PlyCount "68"]
[EventDate "2013.??.??"]
[EventType "swiss"]
[EventRounds "9"]

1. e4 d6 2. d4 Nf6 3. Nc3 g6 4. f4 Bg7 5. Nf3 O-O 6. e5 Nfd7 7. h4 c5 8. h5
cxd4 9. Qxd4 dxe5 10. Qg1 e4 11. Nxe4 Nf6 12. Nxf6+ exf6 13. hxg6 hxg6 14. Bd3
Re8+ 15. Be3 Qa5+ 16. Kf2 Bg4 17. Qh2 Nd7 18. Qh4 Bxf3 19. gxf3 f5 20. b4 Qxb4
21. Rab1 Qd6 22. Rxb7 Nc5 23. Bxc5 Qxc5+ 24. Kg2 Qd5 25. Rb3 a5 26. a4 Qd4 27.
Ra3 Qb4 28. Rb3 Qxa4 29. Bb5 Qa2 30. Bd3 a4 31. Rb4 Qd5 32. Re1 a3 33. Rxe8+
Rxe8 34. Ra4 a2 0-1

[Event "Ct. Girona indiv. Absolut"]
[Site "Girona"]
[Date "2013.10.20"]
[Round "4"]
[White "Gultresa Boada, I."]
[Black "Salagran Ferragut, E."]
[Result "0-1"]
[WhiteElo "1838"]
[BlackElo "1586"]
[PlyCount "77"]
[EventDate "2013.??.??"]
[EventType "swiss"]
[EventRounds "9"]

1. d4 Nf6 2. c4 e6 3. Nf3 b6 4. Nc3 Ba6 5. e3 d5 6. b3 Bb4 7. Bd2 O-O 8. Bd3
Nbd7 9. O-O Rc8 10. a3 Be7 11. Ne5 Nxe5 12. dxe5 Nd7 13. f4 Nc5 14. Be2 dxc4
15. Bxc4 Bxc4 16. bxc4 Qd3 17. Ra2 Qxc4 18. Rf3 Ne4 19. Rc2 Nxd2 20. Qxd2 Rfd8
21. Qc1 Qd3 22. e4 Qd4+ 23. Kf1 a6 24. Rff2 Qd3+ 25. Ke1 Bc5 26. Rf3 Qd4 27.
Ke2 Qg1 28. Qxg1 Bxg1 29. Rc1 Bd4 30. Rd3 Bxc3 31. Rdxc3 c5 32. h4 Rd4 33. Ke3
g6 34. g4 Ra4 35. h5 Kg7 36. Rh1 Rd8 37. h6+ Kf8 38. Re1 Rdd4 39. Kf3 0-1

[Event "Ct. Girona indiv. Absolut"]
[Site "Girona"]
[Date "2013.10.20"]
[Round "4"]
[White "Lillo Castany, V."]
[Black "Serra Canals, O."]
[Result "1-0"]
[WhiteElo "2324"]
[BlackElo "1877"]
[PlyCount "41"]
[EventDate "2013.??.??"]
[EventType "swiss"]
[EventRounds "9"]

1. e4 e5 2. Nf3 Nc6 3. Bb5 a6 4. Ba4 Nf6 5. O-O b5 6. Bb3 Bb7 7. d3 Be7 8. a4
O-O 9. Re1 d5 10. exd5 Nxd5 11. Nxe5 Nxe5 12. Rxe5 Qd6 13. Re1 Rae8 14. Nd2 Nf4
15. Ne4 Qe5 16. Bd2 Nxg2 17. Kxg2 Bd6 18. f4 Qf5 19. Qf3 Kh8 20. Kf1 Qd7 21.
Qg3 1-0

[Event "Ct. Girona indiv. Absolut"]
[Site "Girona"]
[Date "2013.10.20"]
[Round "4"]
[White "Mallol Descarrega, G."]
[Black "Bigas Hospital, J."]
[Result "0-1"]
[WhiteElo "1519"]
[BlackElo "1843"]
[PlyCount "90"]
[EventDate "2013.??.??"]
[EventType "swiss"]
[EventRounds "9"]

1. e4 d5 2. exd5 Nf6 3. Nc3 Nxd5 4. Bc4 Nb6 5. Bb3 Nc6 6. d3 e5 7. Bd2 Bf5 8.
h3 Qd7 9. Nf3 f6 10. Nh4 Be6 11. Bxe6 Qxe6 12. Qh5+ g6 13. Nxg6 Qf7 14. Ne4
Qxg6 15. Nxf6+ Ke7 16. Qxg6 hxg6 17. Ng4 Bg7 18. O-O-O Ke6 19. Rde1 Kd7 20. Bc3
Rae8 21. f4 Kd6 22. fxe5+ Nxe5 23. Nxe5 Bxe5 24. Bxe5+ Rxe5 25. Rxe5 Kxe5 26.
Re1+ Kd6 27. Re3 Rf8 28. g4 Nd5 29. Re4 c6 30. h4 Rf1+ 31. Kd2 Rf2+ 32. Kd1 Rh2
33. g5 Ne7 34. Rd4+ Kc7 35. Re4 Nf5 36. Re6 Nxh4 37. Re7+ Kb6 38. b4 Nf3 39.
Rg7 Nxg5 40. a4 Nf3 41. a5+ Ka6 42. Rxg6 Rh1+ 43. Ke2 Nd4+ 44. Kd2 Rh2+ 45. Kc3
Nxc2 0-1

[Event "Ct. Girona indiv. Absolut"]
[Site "Girona"]
[Date "2013.10.20"]
[Round "4"]
[White "Mas Recorda, P."]
[Black "Carramiñana Puig, J."]
[Result "1-0"]
[WhiteElo "2032"]
[BlackElo "1754"]
[PlyCount "60"]
[EventDate "2013.??.??"]
[EventType "swiss"]
[EventRounds "9"]

1. d4 e6 2. c4 d5 3. Nc3 Nf6 4. cxd5 exd5 5. Bg5 Be7 6. Qc2 c6 7. e3 Be6 8. Bd3
Nbd7 9. Nge2 h6 10. Bxf6 Nxf6 11. O-O O-O 12. f3 Rc8 13. Rad1 Qc7 14. Nf4 Bd7
15. Bf5 Rfd8 16. Bxd7 Qxd7 17. e4 g5 18. Nfe2 dxe4 19. fxe4 Ng4 20. Qd3 Ne5 21.
Qg3 Ng6 22. Qf3 Bf8 23. Ng3 Nh4 24. Qh5 Qe6 25. e5 Bg7 26. Nce4 Qg6 27. Qg4 Rc7
28. Nh5 Re7 29. Nhf6+ Kh8 30. g3 h5 1-0

[Event "Ct. Girona indiv. Absolut"]
[Site "Girona"]
[Date "2013.10.20"]
[Round "4"]
[White "Otones Lopez, JM."]
[Black "Cano Egea, G."]
[Result "0-1"]
[WhiteElo "1618"]
[BlackElo "1935"]
[PlyCount "72"]
[EventDate "2013.??.??"]
[EventType "swiss"]
[EventRounds "9"]

1. d4 d5 2. c4 e6 3. Nc3 Nf6 4. Nf3 Be7 5. Bf4 O-O 6. e3 b6 7. cxd5 exd5 8. h3
Be6 9. Bd3 c5 10. Rc1 Nc6 11. Bb1 Rc8 12. O-O Re8 13. a3 Na5 14. Ne5 Nc4 15.
Qc2 g6 16. Rfd1 cxd4 17. exd4 Nxe5 18. dxe5 Ne4 19. Qa4 Nc5 20. Qb5 a6 21. Qe2
Nb3 22. Rc2 d4 23. Ne4 Nc5 24. Nxc5 bxc5 25. Qxa6 Bb3 26. Rd3 Bxc2 27. Bxc2 c4
28. Rg3 d3 29. Bd1 Qd4 30. Bg5 Qxe5 31. Bd2 Qxb2 32. Re3 Qxd2 33. Rxe7 Qxd1+
34. Kh2 c3 35. Qf6 Rxe7 36. Qxe7 c2 0-1

[Event "Ct. Girona indiv. Absolut"]
[Site "Girona"]
[Date "2013.10.20"]
[Round "4"]
[White "Pasto Benham, F."]
[Black "Ramirez Garcia, L."]
[Result "0-1"]
[WhiteElo "1838"]
[BlackElo "1776"]
[PlyCount "57"]
[EventDate "2013.??.??"]
[EventType "swiss"]
[EventRounds "9"]

1. d4 Nf6 2. c4 g6 3. Nc3 d5 4. Bg5 Ne4 5. Nxe4 dxe4 6. e3 c5 7. Qa4+ Bd7 8.
Qb3 Qa5+ 9. Qc3 Qxc3+ 10. bxc3 Bg7 11. Be2 h6 12. Bf4 Nc6 13. Rb1 b6 14. f3 f5
15. h4 e5 16. dxe5 Nxe5 17. Bxe5 Bxe5 18. Rc1 O-O-O 19. Kf2 Bf6 20. g3 Rhe8 21.
Nh3 exf3 22. Bxf3 Be6 23. Bc6 Rd2+ 24. Ke1 Red8 25. Bd5 Bxd5 26. cxd5 Rxa2 27.
c4 Re8 28. Nf4 Rxe3+ 29. Kf1 0-1

[Event "Ct. Girona indiv. Absolut"]
[Site "Girona"]
[Date "2013.10.20"]
[Round "4"]
[White "Ruiz de Morales, J."]
[Black "Kripakov, A."]
[Result "1/2-1/2"]
[WhiteElo "1431"]
[BlackElo "1797"]
[PlyCount "85"]
[EventDate "2013.??.??"]
[EventType "swiss"]
[EventRounds "9"]

1. e4 e5 2. Nf3 Nc6 3. Bc4 Bc5 4. c3 Nf6 5. O-O d6 6. d4 exd4 7. cxd4 Bb6 8.
Re1 Bg4 9. Be3 O-O 10. d5 Ne5 11. Nbd2 Nxe4 12. Bxb6 Nxd2 13. Be2 Ndxf3+ 14.
gxf3 Bh5 15. Bd4 Qg5+ 16. Kh1 Qf4 17. Bxe5 Qxe5 18. f4 Bxe2 19. Rxe2 Qf6 20.
Qd2 Rfe8 21. Rae1 Rxe2 22. Rxe2 Kf8 23. Qc1 Rc8 24. Qe3 Ra8 25. Qc1 Qd8 26. Rc2
Rc8 27. Qe3 b6 28. Rc6 h6 29. b4 Qe7 30. a4 Qd7 31. Qd3 f5 32. Qa6 Re8 33. Qb7
Re7 34. Qxa7 Kf7 35. a5 bxa5 36. bxa5 Kg6 37. Kg2 Qe8 38. Rxc7 Rxc7 39. Qxc7
Qe4+ 40. Kf1 Qxd5 41. Kg1 Qd1+ 42. Kg2 Qg4+ 43. Kf1 1/2-1/2

[Event "Ct. Girona indiv. Absolut"]
[Site "Girona"]
[Date "2013.10.20"]
[Round "4"]
[White "Salleras Mercader, JM."]
[Black "Pruja Ramirez de Cartagena, E."]
[Result "0-1"]
[WhiteElo "1455"]
[BlackElo "1811"]
[PlyCount "44"]
[EventDate "2013.??.??"]
[EventType "swiss"]
[EventRounds "9"]

1. e4 c5 2. Nf3 g6 3. d4 cxd4 4. Nxd4 Nc6 5. Nc3 Bg7 6. Be3 Nf6 7. Bc4 O-O 8.
Bb3 a5 9. a4 Ng4 10. Qxg4 Nxd4 11. O-O Nxb3 12. cxb3 d5 13. Qh4 d4 14. Rad1 e5
15. Bg5 f6 16. Bh6 Be6 17. Bxg7 Kxg7 18. Rd3 f5 19. Qg3 f4 20. Qf3 Qg5 21. Qd1
dxc3 22. bxc3 Rfd8 0-1

[Event "Ct. Girona indiv. Absolut"]
[Site "Girona"]
[Date "2013.10.20"]
[Round "4"]
[White "Vidal Zamora, A."]
[Black "Diaz Muñoz, S."]
[Result "1-0"]
[WhiteElo "2182"]
[BlackElo "2038"]
[PlyCount "53"]
[EventDate "2013.??.??"]
[EventType "swiss"]
[EventRounds "9"]

1. e4 c5 2. Nf3 e6 3. d4 cxd4 4. Nxd4 Nc6 5. Nc3 Qc7 6. Nxc6 bxc6 7. Bd3 e5 8.
O-O Nf6 9. Kh1 Be7 10. f4 d6 11. Qe2 exf4 12. Bxf4 Ng4 13. h3 Ne5 14. Bxe5 dxe5
15. Bc4 Bf6 16. Rad1 O-O 17. Na4 Qe7 18. Qe3 Be6 19. Bxe6 Qxe6 20. Nc5 Qxa2 21.
Qc3 Rfb8 22. b3 Qa3 23. Nd7 Rd8 24. Qxc6 Rdc8 25. Nxf6+ gxf6 26. Qxf6 Rf8 27.
Rd3 1-0

[Event "Ct. Girona indiv. Absolut"]
[Site "Girona"]
[Date "2013.10.27"]
[Round "5"]
[White "Bigas Hospital, J."]
[Black "Alejo Alvarez, R."]
[Result "0-1"]
[WhiteElo "1843"]
[BlackElo "2005"]
[PlyCount "60"]
[EventDate "2013.??.??"]
[EventType "swiss"]
[EventRounds "9"]

1. e4 e5 2. Nf3 Nf6 3. Nc3 Bb4 4. a3 Bxc3 5. dxc3 d5 6. Bg5 c6 7. h3 Qb6 8.
Bxf6 gxf6 9. b3 Be6 10. exd5 cxd5 11. Qe2 Nd7 12. Qb5 Qc7 13. c4 Rc8 14. Be2
Rg8 15. Nd2 dxc4 16. Bxc4 Rxg2 17. O-O-O a6 18. Qb4 b5 19. Bd3 Nc5 20. Kb1 Nxd3
21. cxd3 Qc2+ 22. Ka1 Qc3+ 23. Qxc3 Rxc3 24. Rhg1 Rxg1 25. Rxg1 Rxd3 26. Ne4
Rxb3 27. Rg8+ Ke7 28. Rb8 Rxa3+ 29. Kb2 Ra2+ 30. Kc3 Bd5 0-1

[Event "Ct. Girona indiv. Absolut"]
[Site "Girona"]
[Date "2013.10.27"]
[Round "5"]
[White "Campo Echevarria, JF."]
[Black "Zamora Alarcon, J."]
[Result "1-0"]
[WhiteElo "2028"]
[BlackElo "1791"]
[PlyCount "63"]
[EventDate "2013.??.??"]
[EventType "swiss"]
[EventRounds "9"]

1. d4 d5 2. Nf3 Bg4 3. Bf4 e6 4. Ne5 Bd6 5. Qd2 Bxe5 6. Bxe5 f6 7. Bg3 c6 8.
Nc3 Ne7 9. f3 Bf5 10. e4 Bg6 11. h4 Nd7 12. h5 Bf7 13. O-O-O Qa5 14. Bd3 e5 15.
exd5 Nxd5 16. Nxd5 Qxd2+ 17. Rxd2 cxd5 18. dxe5 Nxe5 19. Re1 O-O-O 20. Bxe5
fxe5 21. Rxe5 Rde8 22. Rde2 a6 23. Rxe8+ Rxe8 24. Rxe8+ Bxe8 25. Bxh7 Bxh5 26.
Kd2 Kd7 27. Ke3 Bf7 28. Bf5+ Kd6 29. Kd4 b6 30. b4 Be8 31. a3 a5 32. c3 1-0

[Event "Ct. Girona indiv. Absolut"]
[Site "Girona"]
[Date "2013.10.27"]
[Round "5"]
[White "Cano Egea, G."]
[Black "Ramirez Garcia, L."]
[Result "1/2-1/2"]
[WhiteElo "1935"]
[BlackElo "1776"]
[PlyCount "33"]
[EventDate "2013.??.??"]
[EventType "swiss"]
[EventRounds "9"]

1. e4 e5 2. Nf3 Nc6 3. Bc4 Nf6 4. d3 d6 5. Ng5 d5 6. exd5 Na5 7. Bb5+ Bd7 8.
Bxd7+ Qxd7 9. Nc3 Nxd5 10. Bd2 Nc6 11. O-O O-O-O 12. Nxd5 Qxd5 13. Qf3 Qxf3 14.
Nxf3 f6 15. a3 Bc5 16. Bc3 a6 17. Rfe1 1/2-1/2

[Event "Ct. Girona indiv. Absolut"]
[Site "Girona"]
[Date "2013.10.27"]
[Round "5"]
[White "Diaz Muñoz, S."]
[Black "Aymerich Verdaguer, E."]
[Result "1-0"]
[WhiteElo "2038"]
[BlackElo "1980"]
[PlyCount "131"]
[EventDate "2013.??.??"]
[EventType "swiss"]
[EventRounds "9"]

1. e4 c5 2. Nf3 e6 3. d4 cxd4 4. Nxd4 Nc6 5. Be3 Qc7 6. Nxc6 dxc6 7. Bd3 Nf6 8.
O-O e5 9. h3 Be6 10. Nd2 Be7 11. Qe2 O-O 12. Rfd1 Rfd8 13. Nf1 Rd7 14. Ng3 Rad8
15. c4 Qa5 16. a3 Qa4 17. Qc2 Qxc2 18. Bxc2 Bxc4 19. Bxa7 g6 20. Bb6 Rxd1+ 21.
Rxd1 Rxd1+ 22. Bxd1 h5 23. f3 h4 24. Nf1 Nd7 25. Be3 f5 26. Nd2 Be6 27. f4 exf4
28. Bxf4 g5 29. exf5 Bxf5 30. Be3 Ne5 31. Be2 Kf7 32. Nc4 Nxc4 33. Bxc4+ Be6
34. Bd3 Bd5 35. Bd4 Ke6 36. Kf2 c5 37. Bc3 c4 38. Be2 Bc5+ 39. Kf1 Be4 40. Bg4+
Kd5 41. Bf6 Bd3+ 42. Be2 Be3 43. Ke1 Bxe2 44. Kxe2 Ke4 45. a4 Bf4 46. Be7 Bc1
47. Bf6 Kf5 48. Bc3 Kf4 49. Bf6 Kg3 50. Kf1 Kf4 51. Ke2 Ke4 52. Kd1 Bf4 53. Ke2
Kf5 54. Bd4 Be5 55. Ke3 Bxd4+ 56. Kxd4 Kf4 57. Kxc4 Kg3 58. b4 Kxg2 59. a5 Kxh3
60. b5 Kg3 61. a6 bxa6 62. b6 h3 63. b7 h2 64. b8=Q+ Kh3 65. Qb3+ Kg2 66. Qc2+
1-0

[Event "Ct. Girona indiv. Absolut"]
[Site "Girona"]
[Date "2013.10.27"]
[Round "5"]
[White "Dorca Dilme, R."]
[Black "Lillo Castany, V."]
[Result "1-0"]
[WhiteElo "2196"]
[BlackElo "2324"]
[PlyCount "57"]
[EventDate "2013.??.??"]
[EventType "swiss"]
[EventRounds "9"]

1. e4 c5 2. Nc3 Nc6 3. g3 g6 4. Bg2 Bg7 5. d3 d6 6. Be3 e6 7. Qd2 Nd4 8. Nd1
Ne7 9. c3 Ndc6 10. f4 O-O 11. Nf3 Rb8 12. O-O b6 13. g4 f5 14. gxf5 gxf5 15.
Kh1 Bd7 16. Nf2 Qc7 17. Rae1 Rbd8 18. Qe2 fxe4 19. dxe4 Ng6 20. Nh3 Bc8 21.
Nfg5 h6 22. Qh5 Nge7 23. Bf3 d5 24. Rg1 dxe4 25. Nxe6 Bxe6 26. Rxg7+ Kxg7 27.
Rg1+ Ng6 28. Rxg6+ Kf7 29. Ng5+ 1-0

[Event "Ct. Girona indiv. Absolut"]
[Site "Girona"]
[Date "2013.10.27"]
[Round "5"]
[White "Kripakov, A."]
[Black "Torres Camps, A."]
[Result "1-0"]
[WhiteElo "1797"]
[BlackElo "1522"]
[PlyCount "53"]
[EventDate "2013.??.??"]
[EventType "swiss"]
[EventRounds "9"]

1. e4 c6 2. d4 d5 3. exd5 cxd5 4. c4 Nf6 5. Nc3 e6 6. Nf3 Qc7 7. c5 Be7 8. Nb5
Qd8 9. Bf4 O-O 10. Bd3 Nc6 11. O-O a6 12. Nd6 Ne8 13. Nxe8 Rxe8 14. a3 Bf6 15.
Re1 Nxd4 16. Nxd4 Bxd4 17. Bxh7+ Kxh7 18. Qxd4 Bd7 19. Re3 f6 20. Bd6 Bc6 21.
Rh3+ Kg8 22. Re1 Kf7 23. Qg4 e5 24. Rh7 Rg8 25. f4 Bd7 26. Qh5+ Ke6 27. f5# 1-0